00411 2200169 4500001002100000005001500021035002000036245003100056100001500087250001700102300002800119260003900147082000800186084001400194020002200208650001100230INLIS00000000000022820240529091455 a0010-05240001501 aBukit Gundul /cSeno Subro0 aSeno Subro acetakan ke-1 a60 hlm :bilus ;c21 cm aJakarta :bCV. Pustaka Baru,c2007 a813 a813 SEN b a978-979-142-307-6 4aCerpen